Statistics for The Ramones Quiz

Click here to take the quiz!

General Stats

  • This quiz has been taken 110 times
  • The average score is 11 of 16

Answer Stats

HintAnswer% Correct
Ramone (1974-1996)Johnny
96%
Ramone (1974-1996)Joey
95%
Ramone (1974-1989)Dee Dee
91%
Ramone (1978-83, 87-96)Marky
91%
Ramone (1974-1978)Tommy
86%
Home TownNew York
84%
1st SingleBlitzkrieg Bop
77%
Ramone (1989-1996)C.J.
76%
3rd Studio AlbumRocket to Russia
72%
2nd Studio AlbumLeave Home
60%
Producer in "End of the Century" AlbumPhil Spector
57%
Ramone (1983-1987)Richie
55%
Ramone (1987)Elvis
54%
1st Record LabelSire Records
48%
1st Billboard SingleSheena Is a Punk Rocker
42%
The creator of the logoArturo Vega
31%

Score Distribution

Percentile by Number Answered

Percent of People with Each Score

Your Score History

You have not taken this quiz